000 00801nam a22002055i 4500
001 167546
003 ES-MaACL
005 20250822063222.0
008 000725s1869 fr ab |||| | fre d
040 _aCCPB | B
_bspa
_cCCPB | B
100 1 _aVilbort, Joseph,
_d1829-1911
_9133725
245 1 2 _aL'oeuvre de M. de Bismarck
_b: 1863-1866 : Sadowa et la Campagne des Sept Jours /
_cpar J. Vilbort.
260 _aParis :
_bCharpentier et C\pie\s, libraires-éditeurs,
_c1869 (
_fImp. Viéville et Capiomont)
300 _a[4], 599 p., [2] h. de map. pleg. ;
_c19 cm.
600 1 4 _aBismarck, Otto
_cFürst von-
_xBiografías.
_9125995
651 _aEuropa-
_xHistoria militar.
_9160675
752 _aFrancia -
_dParís
852 _aES-MaACL
_jD-3749
_z-- Enc. hol.
999 _c167546
_d167546